Технология (Запись № 217192)

Подробности
000 -МАРКЕР
контрольное поле 01739nam0a2200349 4500
001 - ИДЕНТИФИКАТОР ЗАПИСИ
контрольное поле RU\NLR\bibl\1247991
005 - ИДЕНТИФИКАТОР ВЕРСИИ
контрольное поле 20260406111627.0
010 ## - МЕЖДУНАРОДНЫЙ СТАНДАРТНЫЙ НОМЕР КНИГИ (ISBN)
Номер (ISBN) 978-5-360-00496-7
Тираж 3000
021 ## - НОМЕР ГОСУДАРСТВЕННОЙ РЕГИСТРАЦИИ
Код страны Российская Федерация
Номер 2008-1257
035 ## - ДРУГИЕ СИСТЕМНЫЕ НОМЕРА
Идентификатор записи (NLR Aleph) 001234129
100 ## - ДАННЫЕ ОБЩЕЙ ОБРАБОТКИ
Данные общей обработки 20080702d2007 |||y0rusy50 ca
101 0# - ЯЗЫК РЕСУРСА
Язык текста, звукозаписи и т.д. русский
102 ## - СТРАНА ПУБЛИКАЦИИ ИЛИ ПРОИЗВОДСТВА
Страна публикации Российская Федерация
105 ## - ПОЛЕ КОДИРОВАННЫХ ДАННЫХ: ТЕКСТОВЫЕ МАТЕРИАЛЫ, МОНОГРАФИЧЕСКИЕ
Кодированные данные о монографическом текстовом документе a |||||||||
200 1# - ЗАГЛАВИЕ И СВЕДЕНИЯ ОБ ОТВЕТСТВЕННОСТИ
Основное заглавие Технология
Сведения, относящиеся к заглавию 6 класс
-- учебник для учащихся общеобразовательных учреждений
Первые сведения об ответственности [В.Н. Правдюк, П.С. Самородский, В.Д. Симоненко и др.]
Последующие сведения об ответственности под ред. В.Д. Симоненко
205 ## - СВЕДЕНИЯ ОБ ИЗДАНИИ
Сведения об издании Изд. 2-е, перераб.
210 ## - ПУБЛИКАЦИЯ, РАСПРОСТРАНЕНИЕ И ДР.
Место издания, распространения и т.д. Москва
Имя издателя, распространителя и т. д. Вентана-Граф
Дата издания, распространения и т.д. 2007
215 ## - ФИЗИЧЕСКАЯ ХАРАКТЕРИСТИКА
Специфическое обозначение материала и объем 237, [1] с.
Другие сведения о физической характеристике ил., цв. ил.
Размеры 22
606 1# - НАИМЕНОВАНИЕ ТЕМЫ КАК ПРЕДМЕТ
Наименование темы Трудовое обучение
Формальный подзаголовок Учебники для средней школы
Системный номер авторитетной/нормативной записи 1841169
Идентификатор авторитетной/нормативной записи RU\NLR\auth\661125123
686 ## - ИНДЕКСЫ ДРУГИХ КЛАССИФИКАЦИЙ
Индекс М78я721-1
701 #1 - ИМЯ ЛИЦА - АЛЬТЕРНАТИВНАЯ ОТВЕТСТВЕННОСТЬ
Код отношения Автор
Начальный элемент ввода Правдюк
Часть имени, кроме начального элемента ввода В. Н.
Дополнения к именам, кроме дат д-р пед. наук
Расширение инициалов личного имени Валентина Николаевна
Системный номер авторитетной/нормативной записи 142897
Идентификатор авторитетной/нормативной записи RU\NLR\AUTH\770142933
701 #1 - ИМЯ ЛИЦА - АЛЬТЕРНАТИВНАЯ ОТВЕТСТВЕННОСТЬ
Код отношения Автор
Графика поля Кириллица
Материалы, к которым относится поле rus
Начальный элемент ввода Самородский
Часть имени, кроме начального элемента ввода П. С.
Дополнения к именам, кроме дат д-р техн. наук
Даты 1947-
Расширение инициалов личного имени Петр Степанович
Системный номер авторитетной/нормативной записи 7127
Идентификатор авторитетной/нормативной записи RU\NLR\AUTH\7724075
701 #1 - ИМЯ ЛИЦА - АЛЬТЕРНАТИВНАЯ ОТВЕТСТВЕННОСТЬ
Код отношения Автор
Графика поля Кириллица
Материалы, к которым относится поле rus
Начальный элемент ввода Симоненко
Часть имени, кроме начального элемента ввода В. Д.
Даты 1937-2006
Расширение инициалов личного имени Виктор Дмитриевич
Системный номер авторитетной/нормативной записи 105556
Идентификатор авторитетной/нормативной записи RU\NLR\auth\77122631
702 #1 - ИМЯ ЛИЦА - ВТОРИЧНАЯ ОТВЕТСТВЕННОСТЬ
Код отношения Редактор
Графика поля Кириллица
Материалы, к которым относится поле rus
Начальный элемент ввода Симоненко
Часть имени, кроме начального элемента ввода В. Д.
Даты 1937-2006
Расширение инициалов личного имени Виктор Дмитриевич
Системный номер авторитетной/нормативной записи 105556
Идентификатор авторитетной/нормативной записи RU\NLR\auth\77122631
801 #0 - ИСТОЧНИК ЗАПИСИ
Страна Российская Федерация
Организация NLR
Дата составления 20080702
Правила каталогизации RCR
801 #1 - ИСТОЧНИК ЗАПИСИ
Страна Российская Федерация
Организация NLR
Дата составления 20080702
830 ## - ОБЩЕЕ ПРИМЕЧАНИЕ, СОСТАВЛЕННОЕ КАТАЛОГИЗАТОРОМ
Текст примечания Авт. по кн
942 ## - ДОПОЛНИТЕЛЬНЫЕ ЭЛЕМЕНТЫ ЗАПИСИ (АБИС)
Тип экземпляра АБИС Книга
980 ## - КОЛЛЕКЦИЯ
Название коллекции Национальная библиография
Экземпляры
Тип экземпляра Дата поступления Источник поступления Библиотека постоянного хранения Библиотека текущего хранения Место хранения Шифр хранения Штрих-код Статус экземпляра
Книга 02.07.2008 Обязательный экземпляр РНБ (Московский) РНБ (Московский) Русский книжный фонд: издания с 1957 года 2008-5/5599 1-2760361  
Книга 02.07.2008 Обязательный экземпляр РНБ (Московский) РНБ (Московский) Обменный фонд   2708509